LEADER 01104cam0 2200265 450 001 E600200060816 005 20210406065452.0 100 $a20100302d2009 |||||ita|0103 ba 101 $aita 102 $aIT 200 1 $a<>Puglia dei Cavalieri$eil territorio pugliese nelle fonti cartografiche del Sovrano Militare Ordine di Malta$fa cura di A. Pellettieri, ed E. Ricciardi 210 $aViterbo$cBetagamma$dstampa 2009 215 $a118 p.$cill.$d24 cm 300 $aIn testa al front : National Library of Malta ; Ministero per i Beni e le Attivitą Culturali ; Gran Priorato di Napoli e Sicilia ; Consiglio Nazionale delle Ricerche 702 1$aPellettieri, Antonella$3A600200049041$4070 702 1$aRicciardi, Emilio$3AF00004396$4070 801 0$aIT$bUNISOB$c20210406$gRICA 850 $aUNISOB 852 $aUNISOB$j900$m147161 912 $aE600200060816 940 $aM 102 Monografia moderna SBN 941 $aM 957 $a900$b004987$gSi$d147161$rdono$1catenacci$2UNISOB$3UNISOB$420100302093456.0$520210406065452.0$6rovito 996 $aPuglia dei cavalieri$9782250 997 $aUNISOB